000 00583nam a2200169Ia 4500
003 GCL
008 140319s9999 xx 000 0 ara d
040 _aGCL /
_cGCL
082 0 4 _a922
_bم ع
100 1 _aمحمد بن على الحسنى
245 1 0 _aالعقود اللؤلؤيه فى بعض انساب الاسر الحسنية الهاشمية بالمملكة العربية السعودية /
_cمحمد بن على الحسنى
260 _a[S.N] :
_bمكتبة مدبولى ،
_c1994
300 _a420 ص
490 _a
650 0 4 _aالاسلام
942 _2ddc
_cBK
999 _c52582
_d52582